Random FBS Football Teams Logos - Statistics

General Stats
  • This quiz has been taken 54 times
  • The average score is 15 of 16
Answer Stats
Picture Answer % Correct
Air Force
100%
Akron
100%
Alabama
100%
Arizona
100%
Arizona State
100%
Arkansas
100%
Arkansas State
100%
Army
100%
Auburn
100%
Ball State
100%
Baylor
100%
Boise State
100%
Bowling Green
100%
Buffalo
100%
BYU
100%
Cincinnati
100%
Clemson
100%
Colorado
100%
Colorado State
100%
Duke
100%
East Carolina
100%
Florida
100%
Florida State
100%
Fresno State
100%
Georgia
100%
Georgia Tech
100%
Hawaii
100%
Houston
100%
Illinois
100%
Indiana
100%
Iowa
100%
Iowa State
100%
James Madison
100%
Kansas
100%
Kansas State
100%
Kent State
100%
Kentucky
100%
Liberty
100%
Louisiana Tech
100%
Louisville
100%
Marshall
100%
Maryland
100%
Memphis
100%
Miami (Florida)
100%
Miami (Ohio)
100%
Michigan
100%
Michigan State
100%
Middle Tennessee
100%
Minnesota
100%
Mississippi State
100%
Navy
100%
NC State
100%
Nebraska
100%
New Mexico State
100%
North Carolina
100%
Northern Illinois
100%
North Texas
100%
Northwestern
100%
Notre Dame
100%
Ohio
100%
Oklahoma
100%
Oklahoma State
100%
Oregon
100%
Oregon State
100%
Pittsburgh
100%
Purdue
100%
Rice
100%
Rutgers
100%
Sam Houston
100%
San Diego State
100%
San Jose State
100%
SMU
100%
South Alabama
100%
South Carolina
100%
Southern Miss
100%
South Florida
100%
Stanford
100%
Syracuse
100%
TCU
100%
Temple
100%
Tennessee
100%
Texas
100%
Texas A&M
100%
Texas Tech
100%
Toledo
100%
Tulane
100%
UAB
100%
UConn
100%
USC
100%
Utah
100%
Utah State
100%
UTEP
100%
Vanderbilt
100%
Virginia
100%
Virginia Tech
100%
Wake Forest
100%
Washington
100%
Washington State
100%
West Virginia
100%
Wisconsin
100%
Wyoming
100%
Charlotte
88%
UMass
86%
Missouri State
83%
Nevada
83%
Ohio State
83%
Troy
83%
Florida Atlantic
80%
Kennesaw State
80%
Penn St
80%
UCLA
80%
Delaware
75%
Georgia State
75%
Louisiana
75%
Missouri
75%
Texas State
75%
Tulsa
75%
UCF
75%
Western Kentucky
75%
Appalachian State
67%
Boston College
67%
Louisiana-Monroe
67%
LSU
67%
UTSA
67%
Western Michigan
67%
FIU
60%
Jacksonville State
60%
UNLV
60%
Central Michigan
50%
Coastal Carolina
50%
Georgia Southern
50%
Old Dominion
50%
New Mexico
33%
California
29%
Ole Miss
25%
Eastern Michigan
0%
No matching quizzes found
Score Distribution
Percent of People with Each Score
Percentile by Number Answered
Your Score History
You have not taken this quiz